L'Inflation du langage dans la philosophie contemporaine (Record no. 7108)
[ view plain ]
| 000 -LEADER | |
|---|---|
| campo de control de longitud fija | 00964nam a2200265 i 4500 |
| 001 - NÚMERO DE CONTROL | |
| campo de control | 7108 |
| 003 - IDENTIFICADOR DE NÚMERO DE CONTROL | |
| campo de control | ES-MaACL |
| 005 - FECHA Y HORA DE LA ÚLTIMA TRANSACCIÓN | |
| campo de control | 20251013212327.0 |
| 007 - CAMPO FIJO DE DESCRIPCIÓN FÍSICA--INFORMACIÓN GENERAL | |
| campo de control de longitud fija | t| |
| 008 - DATOS DE LONGITUD FIJA--INFORMACIÓN GENERAL | |
| campo de control de longitud fija | 900820s1979 be ||||1| fre d |
| 020 ## - NÚMERO INTERNACIONAL ESTÁNDAR DEL LIBRO | |
| Número Internacional Estándar del Libro | 2-8004-0706-9 |
| 080 ## - NÚMERO DE LA CLASIFICACIÓN DECIMAL UNIVERSAL | |
| Número de la Clasificación Decimal Universal | 1:4 |
| 080 ## - NÚMERO DE LA CLASIFICACIÓN DECIMAL UNIVERSAL | |
| Número de la Clasificación Decimal Universal | 4.01 |
| 100 1# - ENTRADA PRINCIPAL--NOMBRE DE PERSONA | |
| Nombre de persona | Hottois, Gilbert. |
| 9 (RLIN) | 64311 |
| 245 12 - MENCIÓN DEL TÍTULO | |
| Título | L'Inflation du langage dans la philosophie contemporaine |
| Resto del título | : causes, formes et limites / |
| Mención de responsabilidad, etc. | Gilbert Hottois ; preface de J. Ladriere. |
| 260 ## - PUBLICACIÓN, DISTRIBUCIÓN, ETC. | |
| Lugar de publicación, distribución, etc. | Bruxelles : |
| Nombre del editor, distribuidor, etc. | L'Universite, |
| Fecha de publicación, distribución, etc. | cop. 1979. |
| 300 ## - DESCRIPCIÓN FÍSICA | |
| Extensión | 391 p. ; |
| Dimensiones | 24 cm. |
| 490 1# - MENCIÓN DE SERIE | |
| Mención de serie | Universite Libre de Bruxelles. Faculte de Philosophie et Lettres ; |
| Designación de volumen o secuencia | LXIX |
| 650 #4 - PUNTO DE ACCESO ADICIONAL DE MATERIA--TÉRMINO DE MATERIA | |
| Término de materia o nombre geográfico como elemento de entrada | Lenguaje- |
| Subdivisión general | Filosofía. |
| 9 (RLIN) | 14344 |
| 700 1# - ENTRADA AGREGADA--NOMBRE PERSONAL | |
| Nombre de persona | Ladrière, Jean, |
| Fechas asociadas al nombre | 1921-2007 |
| 9 (RLIN) | 141083 |
| 710 1# - ENTRADA AGREGADA--NOMBRE DE ENTIDAD CORPORATIVA | |
| Nombre de entidad corporativa o nombre de jurisdicción como elemento de entrada | Université de Bruxelles. |
| 9 (RLIN) | 7480 |
| 830 0# - PUNTO DE ACCESO ADICIONAL DE SERIE-TÍTULO UNIFORME | |
| Título uniforme | Universite Libre de Bruxelles. Faculte de Philosophie et Lettres ; |
| Designación de volumen o secuencia | LXIX |
| 9 (RLIN) | 178040 |
| 852 ## - LOCALIZACIÓN | |
| Ubicación | ES-MaACL |
| Número de control de estantería | L-14256 |
| Sublocalización o colección | R.115710 |
| Nota libre | . - rust. |
| Estatus retirado | Estado de pérdida | Estado de daño | No para préstamo | Biblioteca de origen | Biblioteca actual | Ubicación en estantería | Fecha de adquisición | Fuente de adquisición | Total de préstamos | Signatura topográfica completa | Código de barras | Visto por última vez | Precio de reemplazo | Tipo de ítem Koha |
|---|---|---|---|---|---|---|---|---|---|---|---|---|---|---|
| Biblioteca del Ateneo de Madrid | Biblioteca del Ateneo de Madrid | Depósito 2 | 17/01/2008 | L-14256 | 1007246 | 23/02/2023 | 23/02/2023 | Libro impreso |
